[Event "Kvika Reykjavik Open 2022"]
[Site "Reykjavik, Iceland"]
[Date "2022.04.07"]
[Round "3.44"]
[White "Jaksland, Tim"]
[Black "Gregersen, Einar"]
[Result "1/2-1/2"]
[WhiteElo "2203"]
[BlackElo "1822"]
[PlyCount "68"]
[EventDate "2022.??.??"]

1. e4 {[%eval 33,0]} c5 {[%eval 32,0]} 2. c3 {[%eval 0,0]} Nf6 {[%eval 15,0]}
3. e5 {[%eval 0,0]} Nd5 {[%eval 11,0]} 4. Nf3 {[%eval 0,0]} Nc6 {[%eval 13,0]}
5. d4 {[%eval 1,0]} cxd4 {[%eval 0,0]} 6. cxd4 {[%eval 0,0]} d6 {[%eval 1,0]}
7. Bc4 {[%eval 0,0]} Nb6 {[%eval 15,0]} 8. Bb5 {[%eval 22,0]} Bd7 {[%eval 7,0]}
9. exd6 $6 {[%eval 5,0] Inaccuracy. Nc3 was best.} (9. Nc3) 9... exd6 {[%eval
3,0]} 10. Nc3 {[%eval 5,0]} d5 {[%eval 57,0]} 11. O-O {[%eval 84,0]} Be7 {
[%eval 59,0]} 12. Re1 {[%eval 29,0]} O-O {[%eval 27,0]} 13. h3 {[%eval 31,0]}
a6 {[%eval 23,0]} 14. Bd3 {[%eval 28,0]} Bf6 {[%eval 75,0]} 15. Bf4 {[%eval 44,
0]} Be6 {[%eval 51,0]} 16. Rc1 {[%eval 31,0]} Rc8 {[%eval 39,0]} 17. Bb1 {
[%eval 35,0]} h6 $4 {[%eval 454,0] Blunder. Re8 was best.} (17... Re8 18. Rc2)
18. Qd3 {[%eval 408,0]} g6 $6 {[%eval 669,0] Inaccuracy. Re8 was best.} (18...
Re8 19. Qh7+) 19. Bxh6 $4 {[%eval 247,0] Blunder. Rxe6 was best.} (19. Rxe6)
19... Re8 {[%eval 255,0]} 20. Qd1 $6 {[%eval 107,0] Inaccuracy. b3 was best.} (
20. b3 Nd7) 20... Qd7 $6 {[%eval 263,0] Inaccuracy. Nc4 was best.} (20... Nc4
21. Na4 Nd6 22. Nc5 Bf5 23. Rxe8+ Qxe8 24. Bg5 Bxg5 25. Nxg5 Bxb1 26. Rxb1 Nf5
27. Nf3) 21. Bf4 {[%eval 231,0]} Bf5 {[%eval 222,0]} 22. Rxe8+ {[%eval 201,0]}
Rxe8 {[%eval 196,0]} 23. b3 $6 {[%eval 128,0] Inaccuracy. Bxf5 was best.} (23.
Bxf5) 23... Be4 {[%eval 119,0]} 24. Ne5 {[%eval 98,0]} Nxe5 $6 {[%eval 193,0]
Inaccuracy. Bxe5 was best.} (24... Bxe5) 25. dxe5 {[%eval 174,0]} Bxe5 {
[%eval 200,0]} 26. Bxe5 $6 {[%eval 118,0] Inaccuracy. Nxe4 was best.} (26. Nxe4
dxe4) 26... Rxe5 {[%eval 107,0]} 27. Qd4 {[%eval 102,0]} Qe6 $2 {[%eval 262,0]
Mistake. Re6 was best.} (27... Re6 28. f3) 28. Rd1 $4 {[%eval 3,0] Blunder. f4
was best.} (28. f4 Rf5 29. Nxe4 dxe4 30. Qxe4 Qxe4 31. Bxe4 Rxf4 32. Bxb7 a5
33. Bf3 Rb4 34. Kf2 a4) 28... Bxb1 {[%eval 39,0]} 29. Rxb1 {[%eval 44,0]} Nd7 {
[%eval 82,0]} 30. Rd1 {[%eval 84,0]} Nf6 {[%eval 92,0]} 31. Qd2 $6 {[%eval 2,0]
Inaccuracy. a4 was best.} (31. a4) 31... Qf5 $6 {[%eval 100,0] Inaccuracy. Ne4
was best.} (31... Ne4 32. Nxe4 dxe4 33. Re1 Qb6 34. Re2 Qb5 35. Kh2 Qc5 36. h4
Rd5 37. Qb2 Kh7 38. g3) 32. Qd4 {[%eval 58,0]} Qe6 {[%eval 83,0]} 33. Qd2 $6 {
[%eval 27,0] Inaccuracy. a4 was best.} (33. a4 Re1+ 34. Rxe1 Qxe1+ 35. Kh2 Ne4
36. Nxd5 Nd2 37. Kg3 Nxb3 38. Qf6 Qe6 39. Qxe6 fxe6) 33... Qf5 {[%eval 35,0]}
34. Qd4 {[%eval 0,0]} Qe6 {[%eval 49,0]} 1/2-1/2

[Event "Kvika Reykjavik Open 2022"]
[Site "Reykjavik, Iceland"]
[Date "2022.04.07"]
[Round "3.45"]
[White "Filipovich, David"]
[Black "Lohia, Sohum"]
[Result "0-1"]
[WhiteElo "1975"]
[BlackElo "2196"]
[PlyCount "76"]
[EventDate "2022.??.??"]

1. Nf3 {[%eval 29,0]} Nf6 {[%eval 29,0]} 2. g3 {[%eval 5,0]} e6 {[%eval 3,0]}
3. Bg2 {[%eval 37,0]} d5 {[%eval 25,0]} 4. O-O {[%eval 9,0]} b5 {[%eval 53,0]}
5. d4 {[%eval 13,0]} Bb7 {[%eval 4,0]} 6. Nbd2 {[%eval 14,0]} Nbd7 {[%eval 18,
0]} 7. a4 {[%eval 21,0]} a6 {[%eval 64,0]} 8. c3 {[%eval 49,0]} c5 {[%eval 46,
0]} 9. e3 $6 {[%eval 25,0] Inaccuracy. Ne5 was best.} (9. Ne5) 9... Bd6 {
[%eval 7,0]} 10. Qe2 {[%eval 5,0]} O-O {[%eval 21,0]} 11. e4 {[%eval 24,0]}
Nxe4 {[%eval 18,0]} 12. Nxe4 {[%eval 15,0]} dxe4 {[%eval 2,0]} 13. Ng5 {
[%eval 24,0]} Nf6 $6 {[%eval 45,0] Inaccuracy. cxd4 was best.} (13... cxd4 14.
Bxe4 Bxe4 15. Qxe4 Nf6 16. Qxd4 Be7 17. Qxd8 Rfxd8 18. axb5 axb5 19. Be3 Rac8
20. Nf3) 14. Nxe4 {[%eval 2,0]} Nxe4 {[%eval 26,0]} 15. Bxe4 {[%eval 16,0]} Qb6
$6 {[%eval 99,0] Inaccuracy. Bxe4 was best.} (15... Bxe4 16. Qxe4 c4 17. Re1
Qd7 18. Re2 h6 19. Qg4 f5 20. Qf3 bxa4 21. Bf4 Bxf4 22. Qxf4) 16. Bxb7 $6 {
[%eval 23,0] Inaccuracy. dxc5 was best.} (16. dxc5 Bxc5) 16... Qxb7 {[%eval 1,
0]} 17. dxc5 {[%eval 3,0]} Bxc5 {[%eval 5,0]} 18. Be3 {[%eval 4,0]} Bxe3 {
[%eval 1,0]} 19. Qxe3 {[%eval 1,0]} Rfd8 {[%eval 0,0]} 20. axb5 {[%eval 0,0]}
axb5 {[%eval 0,0]} 21. Rxa8 {[%eval 8,0]} Qxa8 {[%eval 0,0]} 22. Qe2 {[%eval 9,
0]} Qd5 {[%eval 0,0]} 23. Ra1 {[%eval 4,0]} Qb3 {[%eval 44,0]} 24. Ra5 {
[%eval 0,0]} Rd1+ {[%eval 0,0]} 25. Kg2 {[%eval 0,0]} Qd5+ {[%eval 0,0]} 26.
Kh3 {[%eval 0,0]} Rg1 {[%eval 0,0]} 27. Rxb5 {[%eval 21,0]} Qg2+ {[%eval 79,0]}
28. Kg4 {[%eval 68,0]} h6 {[%eval 33,0]} 29. Rb8+ $4 {[%eval -1,0] Blunder.
Kf4 was best.} (29. Kf4) 29... Kh7 {[%eval -16,0]} 30. Kf4 {[%eval -89,0]} f5 {
[%eval -84,0]} 31. Re8 $4 {[%eval -394,0] Blunder. Rb4 was best.} (31. Rb4 Qxh2
32. Ke3 Qh1 33. Kd2 Rf1 34. Kc2 Re1 35. Qd3 Qg1 36. Rf4 Rc1+ 37. Kb3 Qe1) 31...
Qd5 {[%eval -486,0]} 32. h4 {[%eval -529,0]} Qd6+ {[%eval -652,0]} 33. Ke3 {
[%eval -635,0]} Qb6+ {[%eval -508,0]} 34. Kf4 {[%eval -527,0]} Rg2 {[%eval
-515,0]} 35. Qe1 {[%eval -692,0]} Rxf2+ {[%eval -639,0]} 36. Ke5 {[%eval -608,
0]} Rf3 {[%eval -697,0]} 37. Qd1 {[%eval -1103,0]} Qb5+ {[%eval -663,0]} 38.
Kd4 $2 {[%eval -32765,0] Checkmate is now unavoidable. Kd6 was best.} (38. Kd6)
38... Qd5# 0-1

[Event "Kvika Reykjavik Open 2022"]
[Site "Reykjavik, Iceland"]
[Date "2022.04.07"]
[Round "3.46"]
[White "Player, Edmund C"]
[Black "Smith, Lynda"]
[Result "1-0"]
[WhiteElo "2196"]
[BlackElo "1772"]
[PlyCount "63"]
[EventDate "2022.??.??"]

1. e4 {[%eval 33,0]} c5 {[%eval 32,0]} 2. Nf3 {[%eval 0,0]} g6 $6 {[%eval 64,0]
Inaccuracy. d6 was best.} (2... d6 3. c3 Nf6 4. h3 Nc6 5. Bd3 e5 6. O-O Be7 7.
Bc2) 3. c4 {[%eval 55,0]} Bg7 {[%eval 56,0]} 4. d4 {[%eval 56,0]} cxd4 {
[%eval 64,0]} 5. Nxd4 {[%eval 5,0]} Nc6 {[%eval 79,0]} 6. Be3 {[%eval 49,0]}
Nf6 {[%eval 56,0]} 7. Nc3 {[%eval 67,0]} d6 {[%eval 77,0]} 8. Be2 {[%eval 95,0]
} O-O {[%eval 85,0]} 9. O-O {[%eval 111,0]} Nxd4 {[%eval 95,0]} 10. Bxd4 {
[%eval 104,0]} Be6 {[%eval 127,0]} 11. Re1 {[%eval 131,0]} Nd7 {[%eval 123,0]}
12. b3 {[%eval 134,0]} Qa5 {[%eval 118,0]} 13. Bf1 {[%eval 115,0]} Bxd4 {
[%eval 108,0]} 14. Qxd4 {[%eval 113,0]} Qc5 {[%eval 105,0]} 15. Qd2 {[%eval
105,0]} Kg7 {[%eval 174,0]} 16. Nd5 {[%eval 107,0]} Bxd5 {[%eval 200,0]} 17.
exd5 {[%eval 221,0]} Rae8 {[%eval 203,0]} 18. Re3 {[%eval 217,0]} Nf6 {[%eval
200,0]} 19. Rae1 {[%eval 204,0]} Qc7 {[%eval 199,0]} 20. Rh3 {[%eval 179,0]} h5
{[%eval 174,0]} 21. Rhe3 {[%eval 171,0]} b6 {[%eval 175,0]} 22. Bd3 {[%eval
174,0]} Qd7 {[%eval 105,0]} 23. Qe2 {[%eval 188,0]} Ng8 {[%eval 178,0]} 24. Rg3
$6 {[%eval 73,0] Inaccuracy. h3 was best.} (24. h3 Nf6) 24... Nf6 $2 {[%eval
182,0] Mistake. e5 was best.} (24... e5) 25. f4 $4 {[%eval 0,0] Blunder. Re3
was best.} (25. Re3) 25... e6 {[%eval 0,0]} 26. dxe6 {[%eval 0,0]} Rxe6 {
[%eval 0,0]} 27. Rxg6+ {[%eval 0,0]} fxg6 $4 {[%eval 228,0] Blunder. Kh8 was
best.} (27... Kh8 28. Rh6+ Kg7 29. Rg6+) 28. Qxe6 {[%eval 257,0]} Rf7 $6 {
[%eval 387,0] Inaccuracy. Qc6 was best.} (28... Qc6 29. Qe7+) 29. Qe3 {[%eval
374,0]} Ng4 {[%eval 459,0]} 30. Qd4+ {[%eval 462,0]} Kh7 $6 {[%eval 761,0]
Inaccuracy. Nf6 was best.} (30... Nf6 31. Re3) 31. Qd5 {[%eval 728,0]} Nf6 {
[%eval 875,0]} 32. Qg5 {[%eval 874,0]} 1-0

[Event "Kvika Reykjavik Open 2022"]
[Site "Reykjavik, Iceland"]
[Date "2022.04.07"]
[Round "3.47"]
[White "Sigamoney, Cyril S"]
[Black "Popvasilev, Kaloyan"]
[Result "1/2-1/2"]
[WhiteElo "1960"]
[BlackElo "2191"]
[PlyCount "49"]
[EventDate "2022.??.??"]

1. d4 {[%eval 3,0]} Nf6 {[%eval 23,0]} 2. Bg5 {[%eval 0,0]} e6 {[%eval 13,0]}
3. e3 {[%eval 0,0]} c5 {[%eval 0,0]} 4. Bxf6 {[%eval 29,0]} Qxf6 {[%eval 43,0]}
5. Nf3 {[%eval 33,0]} Nc6 {[%eval 29,0]} 6. c4 $6 {[%eval 95,0] Inaccuracy.
Bb5 was best.} (6. Bb5 a6 7. Bxc6 bxc6 8. O-O Rb8 9. Nbd2 cxd4 10. exd4 Rxb2)
6... cxd4 {[%eval -25,0]} 7. exd4 {[%eval -16,0]} Bb4+ $2 {[%eval 62,0]
Mistake. g5 was best.} (7... g5 8. h3 h5 9. Nc3 g4 10. Nd2 g3 11. Nf3 gxf2+ 12.
Kxf2 b6 13. d5 Ne5 14. Qe2) 8. Nc3 {[%eval 45,0]} O-O {[%eval 72,0]} 9. Be2 {
[%eval 64,0]} Bxc3+ {[%eval 63,0]} 10. bxc3 {[%eval 67,0]} d6 {[%eval 23,0]}
11. O-O {[%eval 34,0]} e5 {[%eval 2,0]} 12. d5 $2 {[%eval -89,0] Mistake. Re1
was best.} (12. Re1) 12... Na5 {[%eval 87,0]} 13. Nd2 {[%eval -85,0]} Qg6 $6 {
[%eval 55,0] Inaccuracy. b6 was best.} (13... b6 14. Nb3) 14. Kh1 $2 {[%eval
-35,0] Mistake. f4 was best.} (14. f4 exf4 15. Rxf4 Qh6 16. Qf1 b6 17. Nb3 Nb7
18. Qf2 f5 19. Nd4 Nc5 20. Rf1 Bd7) 14... Bf5 {[%eval -35,0]} 15. f4 {[%eval
-36,0]} Bc2 {[%eval -54,0]} 16. Qc1 {[%eval -62,0]} Rae8 {[%eval -67,0]} 17.
fxe5 {[%eval -38,0]} Rxe5 {[%eval -21,0]} 18. Rf2 {[%eval -96,0]} Bd3 {[%eval
-44,0]} 19. Qf1 $6 {[%eval -175,0] Inaccuracy. Bxd3 was best.} (19. Bxd3 Qxd3
20. Qf1 Re3 21. Qxd3 Rxd3 22. Re1 Rxc3 23. Ne4 Rxc4 24. Nxd6 Rc7 25. Nb5 Rc5)
19... Rxe2 {[%eval -163,0]} 20. Rxe2 {[%eval -192,0]} Qg4 {[%eval -169,0]} 21.
Rae1 {[%eval -121,0]} Nxc4 {[%eval -157,0]} 22. Nxc4 {[%eval -107,0]} Qxc4 {
[%eval -298,0]} 23. Qf3 {[%eval -299,0]} Bxe2 {[%eval -102,0]} 24. Rxe2 {
[%eval -119,0]} g6 $6 {[%eval -184,0] Inaccuracy. a5 was best.} (24... a5 25.
h3 b5 26. Kg1 h5 27. Kh2 g6 28. Rf2 a4 29. Re2 a3 30. Rf2 Qc7 31. Qe3) 25. h3 {
[%eval -144,0]} 1/2-1/2

[Event "Kvika Reykjavik Open 2022"]
[Site "Reykjavik, Iceland"]
[Date "2022.04.07"]
[Round "3.48"]
[White "Baecker, Niko"]
[Black "Romanishin, Oleg M"]
[Result "0-1"]
[WhiteElo "1885"]
[BlackElo "2415"]
[PlyCount "56"]
[EventDate "2022.??.??"]

1. d4 {[%eval 3,0]} Nf6 {[%eval 23,0]} 2. c4 {[%eval 2,0]} e6 {[%eval 23,0]} 3.
Nc3 {[%eval 5,0]} Bb4 {[%eval 25,0]} 4. e3 {[%eval 0,0]} O-O {[%eval 21,0]} 5.
Bd3 {[%eval 0,0]} c5 {[%eval 38,0]} 6. Nge2 {[%eval 18,0]} d5 {[%eval 3,0]} 7.
O-O {[%eval 0,0]} cxd4 {[%eval 6,0]} 8. exd4 {[%eval 9,0]} dxc4 {[%eval 32,0]}
9. Bxc4 {[%eval 12,0]} Nbd7 {[%eval 0,0]} 10. a3 {[%eval 8,0]} Be7 {[%eval 7,0]
} 11. Bf4 {[%eval 6,0]} Nb6 {[%eval 0,0]} 12. Ba2 {[%eval 0,0]} Bd7 {[%eval 0,
0]} 13. Rc1 {[%eval 19,0]} Bc6 {[%eval 21,0]} 14. b4 {[%eval 51,0]} a6 {
[%eval 41,0]} 15. Qd3 {[%eval 44,0]} Nbd5 {[%eval 8,0]} 16. Be5 {[%eval 14,0]}
Rc8 {[%eval 1,0]} 17. Bb1 {[%eval 32,0]} g6 {[%eval 36,0]} 18. Rfd1 {[%eval 77,
0]} Nxc3 {[%eval 28,0]} 19. Nxc3 {[%eval 38,0]} Nd5 {[%eval 12,0]} 20. Ne4 $4 {
[%eval -469,0] Blunder. Nxd5 was best.} (20. Nxd5) 20... f6 {[%eval -483,0]}
21. Bg3 {[%eval -479,0]} f5 {[%eval -459,0]} 22. Nc5 {[%eval -456,0]} Bxc5 {
[%eval -469,0]} 23. dxc5 {[%eval -474,0]} f4 {[%eval -472,0]} 24. Qe4 {[%eval
-446,0]} Qf6 {[%eval -575,0]} 25. Bh4 {[%eval -403,0]} Qxh4 {[%eval -406,0]}
26. Qxe6+ {[%eval -585,0]} Kh8 {[%eval -571,0]} 27. Rxd5 {[%eval -631,0]} Rce8
{[%eval -569,0]} 28. Qd6 {[%eval -693,0]} Rf6 {[%eval -597,0]} 0-1

[Event "Kvika Reykjavik Open 2022"]
[Site "Reykjavik, Iceland"]
[Date "2022.04.07"]
[Round "3.49"]
[White "Schultze, Joerg-Martin"]
[Black "Thorhallsson, Simon"]
[Result "1-0"]
[WhiteElo "1932"]
[BlackElo "2252"]
[PlyCount "75"]
[EventDate "2022.??.??"]

1. d4 {[%eval 3,0]} Nf6 {[%eval 23,0]} 2. c4 {[%eval 2,0]} g6 {[%eval 3,0]} 3.
Nc3 {[%eval 31,0]} Bg7 {[%eval 7,0]} 4. e4 {[%eval 67,0]} d6 {[%eval 73,0]} 5.
Be2 $6 {[%eval 13,0] Inaccuracy. h3 was best.} (5. h3 e5 6. d5 a5 7. Nf3 Na6 8.
Be3 Nc5 9. Qc2 b6) 5... O-O {[%eval 45,0]} 6. Be3 {[%eval 4,0]} e5 {[%eval 6,0]
} 7. d5 {[%eval 56,0]} a5 {[%eval 9,0]} 8. g4 {[%eval 125,0]} Na6 {[%eval 126,
0]} 9. g5 {[%eval 137,0]} Ne8 {[%eval 123,0]} 10. Bg4 $4 {[%eval 37,0] Blunder.
h4 was best.} (10. h4 f5) 10... f5 {[%eval 47,0]} 11. gxf6 {[%eval 57,0]} Nxf6
{[%eval 38,0]} 12. Bxc8 {[%eval 61,0]} Rxc8 {[%eval 81,0]} 13. Nh3 {[%eval -99,
0]} h6 {[%eval -93,0]} 14. Rg1 {[%eval -63,0]} Kh7 $6 {[%eval 69,0] Inaccuracy.
Qd7 was best.} (14... Qd7 15. Rg3) 15. Kd2 $6 {[%eval -55,0] Inaccuracy. Qe2
was best.} (15. Qe2 Qd7) 15... c6 {[%eval -84,0]} 16. Qf1 {[%eval -65,0]} cxd5
{[%eval -93,0]} 17. Qg2 {[%eval -94,0]} Qe8 {[%eval -97,0]} 18. cxd5 {[%eval
-68,0]} Nh5 {[%eval -66,0]} 19. Qg4 {[%eval -22,0]} Nf4 {[%eval -19,0]} 20. Rg3
$6 {[%eval -159,0] Inaccuracy. f3 was best.} (20. f3 h5) 20... g5 $4 {[%eval
29,0] Blunder. h5 was best.} (20... h5 21. Ng5+) 21. Rag1 {[%eval 51,0]} Qg6 $6
{[%eval 0,0] Inaccuracy. Qd8 was best.} (21... Qd8 22. Kc1) 22. Bxf4 {[%eval 0,
0]} exf4 {[%eval 0,0]} 23. Nxf4 {[%eval 0,0]} Rxf4 $2 {[%eval 118,0] Mistake.
Qf7 was best.} (23... Qf7 24. Ne6 Qxf2+ 25. Kc1 Nc5 26. Nxf8+ Rxf8 27. Rh3 Rf4
28. Qxg5 Nd3+ 29. Kd1 Nxb2+ 30. Kc1) 24. Qxf4 {[%eval 88,0]} Nc5 $6 {[%eval
149,0] Inaccuracy. Rf8 was best.} (24... Rf8 25. Qe3) 25. Qg4 $6 {[%eval 6,0]
Inaccuracy. f3 was best.} (25. f3 Rf8) 25... Bxc3+ {[%eval 63,0]} 26. Rxc3 {
[%eval 74,0]} Nxe4+ {[%eval 64,0]} 27. Ke3 {[%eval 44,0]} Re8 $4 {[%eval 721,0]
Blunder. Nxc3 was best.} (27... Nxc3) 28. Qd7+ {[%eval 714,0]} Kh8 {[%eval 723,
0]} 29. Rc8 {[%eval 700,0]} Nf6+ {[%eval 700,0]} 30. Rxe8+ {[%eval 708,0]}
Qxe8+ {[%eval 746,0]} 31. Qxe8+ {[%eval 755,0]} Nxe8 {[%eval 742,0]} 32. f4 {
[%eval 754,0]} gxf4+ {[%eval 762,0]} 33. Kxf4 {[%eval 734,0]} Nf6 {[%eval 705,
0]} 34. Kf5 {[%eval 753,0]} Nxd5 {[%eval 759,0]} 35. Ke6 {[%eval 699,0]} Ne3 {
[%eval 683,0]} 36. Kxd6 {[%eval 702,0]} Nc4+ {[%eval 714,0]} 37. Kc5 {[%eval
707,0]} Nxb2 {[%eval 705,0]} 38. Kb6 {[%eval 700,0]} 1-0

[Event "Kvika Reykjavik Open 2022"]
[Site "Reykjavik, Iceland"]
[Date "2022.04.07"]
[Round "3.50"]
[White "Chapman, Terry P D"]
[Black "Haraldsson, Haraldur"]
[Result "0-1"]
[WhiteElo "2240"]
[BlackElo "1903"]
[PlyCount "94"]
[EventDate "2022.??.??"]

1. Nf3 {[%eval 29,0]} Nf6 {[%eval 29,0]} 2. c4 {[%eval 25,0]} e6 {[%eval 22,0]}
3. g3 {[%eval 13,0]} b6 {[%eval 4,0]} 4. Bg2 {[%eval 46,0]} Bb7 {[%eval 47,0]}
5. O-O {[%eval 29,0]} Be7 {[%eval 4,0]} 6. Nc3 {[%eval 48,0]} O-O {[%eval 61,0]
} 7. Re1 {[%eval 29,0]} d5 {[%eval 35,0]} 8. cxd5 {[%eval 48,0]} exd5 {[%eval
51,0]} 9. d4 {[%eval 53,0]} Nbd7 {[%eval 28,0]} 10. Bf4 {[%eval 38,0]} a6 $6 {
[%eval 92,0] Inaccuracy. c5 was best.} (10... c5 11. dxc5 Nxc5 12. Rc1 Nce4 13.
Be5 Re8 14. Qb3 Bc5 15. Bd4 Ng4 16. Nxe4 Bxd4 17. Nxd4) 11. Rc1 {[%eval 79,0]}
Re8 $6 {[%eval 142,0] Inaccuracy. Rc8 was best.} (11... Rc8 12. h4) 12. Qc2 $2
{[%eval 33,0] Mistake. e4 was best.} (12. e4 dxe4) 12... Bd6 $2 {[%eval 147,0]
Mistake. c5 was best.} (12... c5 13. Red1 Rc8 14. dxc5 Bxc5 15. Nd4 b5 16. Qf5
Nb6 17. e3 g6 18. Qb1 b4 19. Nce2) 13. Bxd6 {[%eval 118,0]} cxd6 {[%eval 138,0]
} 14. Qb3 {[%eval 136,0]} Ra7 $6 {[%eval 208,0] Inaccuracy. b5 was best.} (
14... b5) 15. Nh4 {[%eval 235,0]} Qa8 $2 {[%eval 435,0] Mistake. g6 was best.}
(15... g6 16. Nxd5 Nxd5 17. Bxd5 Bxd5 18. Qxd5 Rc7 19. Qf3 Qc8 20. Rxc7 Qxc7
21. Qf4 Kg7 22. Rc1) 16. Nf5 {[%eval 416,0]} Re6 {[%eval 414,0]} 17. Ne3 {
[%eval 408,0]} Qe8 $6 {[%eval 591,0] Inaccuracy. Rxe3 was best.} (17... Rxe3)
18. Nexd5 {[%eval 507,0]} Nxd5 {[%eval 553,0]} 19. Bxd5 {[%eval 544,0]} Bxd5 {
[%eval 549,0]} 20. Qxd5 $2 {[%eval 325,0] Mistake. Nxd5 was best.} (20. Nxd5
Rxe2) 20... Nf6 {[%eval 307,0]} 21. Qf3 $6 {[%eval 253,0] Inaccuracy. Qb3 was
best.} (21. Qb3 h5 22. Qxb6 Qd7 23. h4 Re8 24. Nd1 a5 25. Qc6 Qg4 26. Nc3 Rd7
27. e3 d5) 21... b5 $6 {[%eval 367,0] Inaccuracy. Rc7 was best.} (21... Rc7 22.
Qd3) 22. e3 {[%eval 403,0]} Qd8 {[%eval 400,0]} 23. Nd5 {[%eval 411,0]} Ne4 {
[%eval 499,0]} 24. Re2 {[%eval 504,0]} g6 {[%eval 511,0]} 25. Rec2 {[%eval 503,
0]} Qg5 $6 {[%eval 694,0] Inaccuracy. Qa5 was best.} (25... Qa5) 26. Rc7 {
[%eval 665,0]} Rxc7 {[%eval 676,0]} 27. Rxc7 {[%eval 673,0]} f5 {[%eval 729,0]}
28. Rc8+ {[%eval 652,0]} Kg7 {[%eval 641,0]} 29. h4 {[%eval 618,0]} Qg4 {
[%eval 627,0]} 30. Qxg4 {[%eval 596,0]} fxg4 {[%eval 600,0]} 31. Ra8 {[%eval
612,0]} g5 {[%eval 601,0]} 32. hxg5 {[%eval 522,0]} Nxg5 {[%eval 533,0]} 33.
Ra7+ {[%eval 501,0]} Kg8 {[%eval 594,0]} 34. Ra8+ {[%eval 541,0]} Kg7 {[%eval
525,0]} 35. Ra7+ {[%eval 502,0]} Kg8 {[%eval 616,0]} 36. Rxa6 {[%eval 611,0]}
Rh6 {[%eval 575,0]} 37. Kf1 {[%eval 408,0]} Ne4 $6 {[%eval 678,0] Inaccuracy.
Rh1+ was best.} (37... Rh1+ 38. Kg2) 38. Nf4 $4 {[%eval 146,0] Blunder. Nc3
was best.} (38. Nc3 Nxc3) 38... Rh1+ {[%eval 157,0]} 39. Ke2 {[%eval 201,0]}
Rh2 {[%eval 172,0]} 40. Nd3 $4 {[%eval 91,0] Blunder. Rb6 was best.} (40. Rb6
Nxg3+) 40... Nxg3+ {[%eval 97,0]} 41. Ke1 {[%eval -81,0]} Ne4 $6 {[%eval 29,0]
Inaccuracy. Rh1+ was best.} (41... Rh1+ 42. Kd2) 42. Rb6 $6 {[%eval 97,0]
Inaccuracy. a4 was best.} (42. a4 bxa4) 42... h5 {[%eval 62,0]} 43. Rxb5 $2 {
[%eval -26,0] Mistake. Kf1 was best.} (43. Kf1 Rh1+) 43... h4 {[%eval -178,0]}
44. Rh5 $2 {[%eval -395,0] Mistake. Rb8+ was best.} (44. Rb8+ Kg7) 44... g3 {
[%eval -344,0]} 45. Kf1 {[%eval -301,0]} h3 {[%eval -463,0]} 46. Kg1 $6 {
[%eval -692,0] Inaccuracy. Rxh3 was best.} (46. Rxh3 Rxh3) 46... Rg2+ {[%eval
-536,0]} 47. Kf1 {[%eval -509,0]} gxf2 {[%eval -691,0]} 0-1

[Event "Kvika Reykjavik Open 2022"]
[Site "Reykjavik, Iceland"]
[Date "2022.04.07"]
[Round "3.51"]
[White "Mirza, Diana"]
[Black "Povah, Nigel E"]
[Result "1/2-1/2"]
[WhiteElo "1905"]
[BlackElo "2216"]
[PlyCount "52"]
[EventDate "2022.??.??"]

1. e4 {[%eval 33,0]} c5 {[%eval 32,0]} 2. Nf3 {[%eval 0,0]} Nc6 {[%eval 0,0]}
3. Bb5 {[%eval 51,0]} Nf6 {[%eval 52,0]} 4. Bxc6 {[%eval 58,0]} dxc6 {[%eval
31,0]} 5. d3 {[%eval 46,0]} Bg4 {[%eval 62,0]} 6. h3 {[%eval 5,0]} Bh5 {
[%eval 65,0]} 7. b3 {[%eval 58,0]} Qc7 {[%eval 81,0]} 8. g4 {[%eval 89,0]} Bg6
{[%eval 74,0]} 9. Bb2 {[%eval 76,0]} Nd7 {[%eval 92,0]} 10. e5 {[%eval 63,0]}
e6 {[%eval 68,0]} 11. Qe2 $6 {[%eval 13,0] Inaccuracy. Nbd2 was best.} (11.
Nbd2 Be7 12. Qe2 Qa5 13. a4 h5 14. g5 h4 15. O-O Qc7 16. a5 Bf5 17. Ra4 Bxh3)
11... Be7 {[%eval 55,0]} 12. Nbd2 {[%eval 49,0]} Qa5 {[%eval 41,0]} 13. a3 {
[%eval 18,0]} O-O-O {[%eval 9,0]} 14. O-O-O {[%eval 15,0]} Nb6 {[%eval 0,0]}
15. Ne4 {[%eval 0,0]} h5 $2 {[%eval 102,0] Mistake. Bxe4 was best.} (15... Bxe4
16. Qxe4 c4 17. dxc4 Bxa3 18. Qe3 Bc5 19. Qe2 Ba3 20. Kb1 Bxb2 21. Kxb2 Na4+
22. bxa4) 16. Nfd2 $2 {[%eval 0,0] Mistake. c4 was best.} (16. c4 Kb8 17. Nfd2
Nd5 18. Qf3 b5 19. cxd5 cxd5 20. Nd6 f6 21. Nf5 exf5 22. gxf5 Bh7) 16... hxg4 {
[%eval 0,0]} 17. hxg4 {[%eval 0,0]} Rxh1 {[%eval 0,0]} 18. Rxh1 {[%eval 0,0]}
c4 {[%eval 0,0]} 19. Nxc4 {[%eval 0,0]} Nxc4 {[%eval 32,0]} 20. bxc4 {[%eval
28,0]} Bxa3 $6 {[%eval 43,0] Inaccuracy. Bxe4 was best.} (20... Bxe4 21. Qxe4
Bxa3 22. Qf4 Rd7 23. Rh8+ Kc7 24. Bxa3 Qxa3+ 25. Kd2 Qb4+ 26. Ke2 Qc3 27. Kd1)
21. Nd6+ {[%eval 0,0]} Kc7 {[%eval 0,0]} 22. Qe1 {[%eval 6,0]} Bxb2+ $2 {
[%eval 138,0] Mistake. Qxe1+ was best.} (22... Qxe1+ 23. Rxe1 Bb4 24. Rh1 Bc5
25. f3 Rg8 26. Ne4 Bxe4 27. fxe4 Be3+ 28. Kd1 c5 29. Rf1) 23. Kxb2 {[%eval 115,
0]} Qb6+ {[%eval 102,0]} 24. Ka2 {[%eval 124,0]} Qa6+ {[%eval 136,0]} 25. Kb2 {
[%eval 87,0]} Qb6+ {[%eval 115,0]} 26. Ka2 {[%eval 102,0]} Qa6+ {[%eval 88,0]}
1/2-1/2